MARC details
| 000 -LEADER |
| fixed length control field |
01307cam a2200301Ia 4500 |
| 001 - CONTROL NUMBER |
| control field |
castle00kafk |
| 003 - CONTROL NUMBER IDENTIFIER |
| control field |
CaSfIA |
| 005 - DATE AND TIME OF LATEST TRANSACTION |
| control field |
20230525154921.0 |
| 007 - PHYSICAL DESCRIPTION FIXED FIELD--GENERAL INFORMATION |
| fixed length control field |
cr|||| |
| 008 - FIXED-LENGTH DATA ELEMENTS--GENERAL INFORMATION |
| fixed length control field |
960528r19691954nyu 000 1 eng d |
| 010 ## - LIBRARY OF CONGRESS CONTROL NUMBER |
| LC control number |
54005972 |
| 040 ## - CATALOGING SOURCE |
| Original cataloging agency |
LBQ |
| Transcribing agency |
LBQ |
| Modifying agency |
OCLCQ |
| -- |
OCLCG |
| -- |
VOV |
| -- |
CaSfIA |
| 035 ## - SYSTEM CONTROL NUMBER |
| System control number |
(OCoLC)34796609 |
| 050 #4 - LIBRARY OF CONGRESS CALL NUMBER |
| Classification number |
PZ3.K11 |
| Item number |
Cas11 |
| 100 1# - MAIN ENTRY--PERSONAL NAME |
| Personal name |
Kafka, Franz, |
| Dates associated with a name |
1883-1924. |
| 240 10 - UNIFORM TITLE |
| Uniform title |
Schloss. |
| Language of a work |
English |
| 245 14 - TITLE STATEMENT |
| Title |
The castle / |
| Medium |
[electronic resource] |
| Statement of responsibility, etc. |
Franz Kafka ; translated from the German by Willa and Edwin Muir ; with additional materials translated by Eithne Wilkins and Ernst Kaiser ; with an homage by Thomas Mann. |
| 250 ## - EDITION STATEMENT |
| Edition statement |
Definitive ed. |
| 260 ## - PUBLICATION, DISTRIBUTION, ETC. |
| Place of publication, distribution, etc. |
New York : |
| Name of publisher, distributor, etc. |
Knopf, |
| Date of publication, distribution, etc. |
1969, c1954. |
| 300 ## - PHYSICAL DESCRIPTION |
| Extent |
xvi, 481 p. ; |
| Dimensions |
20 cm. |
| 500 ## - GENERAL NOTE |
| General note |
Translation of Das Schloss. |
| 500 ## - GENERAL NOTE |
| General note |
"This is a Borzoi book"--T.p. verso. |
| 520 ## - SUMMARY, ETC. |
| Summary, etc. |
The story of Land-Surveyor K. and his passionate attempts to reach the Castle has been recognized for some time as one of the symbolic classics of 20th century letters. |
| 650 #0 - SUBJECT ADDED ENTRY--TOPICAL TERM |
| Topical term or geographic name entry element |
Classic. |
| 650 #0 - SUBJECT ADDED ENTRY--TOPICAL TERM |
| Topical term or geographic name entry element |
Classics. |
| 856 41 - ELECTRONIC LOCATION AND ACCESS |
| Uniform Resource Identifier |
<a href="http://www.archive.org/details/castle00kafk">http://www.archive.org/details/castle00kafk</a> |
| Public note |
Free eBook from the Internet Archive |
| 856 42 - ELECTRONIC LOCATION AND ACCESS |
| Uniform Resource Identifier |
<a href="http://www.openlibrary.org/books/OL6153030M">http://www.openlibrary.org/books/OL6153030M</a> |
| Public note |
Additional information and access via Open Library |